Statistics for Top 20 countries by life expectancy

Click here to take the quiz!

General Stats

  • This quiz has been taken 58 times
    (56 since last reset)
  • The average score is 13 of 20

Answer Stats

HintAnswerYears% Correct
T-16thCanada82.1
94%
2ndJapan84.3
94%
T-16thNorway82.1
90%
T-14thSweden82.4
90%
4thSwitzerland83.2
88%
T-5thAustralia83.1
83%
T-5thItaly83.1
83%
8thSpain82.8
83%
T-12thFrance82.5
81%
T-9thIceland82.7
77%
1stMonaco89.6
75%
T-19thNew Zealand81.8
73%
T-5thSingapore83.1
65%
11thSouth Korea82.6
65%
T-19thAustria81.8
62%
T-9thAndorra82.7
56%
T-12thIsrael82.5
48%
3rdHong Kong84.2
17%
18thGuadeloupe81.9
0%
T-14thMartinique82.4
0%

Score Distribution

Percentile by Number Answered

Percent of People with Each Score

Your Score History

You have not taken this quiz since the last reset